000 00989nam0a2200289 4500
001 RU\NLR\bibl\483541
005 20250623193403.0
021 _aRU
_b2003-68718
_93394
035 _a(NLR Aleph) 000476295
090 _a1025379
_c1025379
100 _a20040126d2003 |||y0rusy50 ca
101 0 _arus
102 _aRU
105 _aca |||||||||
200 1 _aЛюбовные разливы
_eСб. стихотворений
_fНиколай Баша
210 _aКраснодар
_cКраснод. известия
_d2003
215 _a221 с., ил.
_cпорт.
_d21
327 1 _aСодерж.: Циклы: Цветы любви; Кубань моя, земля родная; Огненные версты
686 _aШ6(2=Р)75-5
700 1 _aБаша
_bН. С.
_f1935-
_gНиколай Степанович
_4070
801 0 _aRU
_bNLR
_c20040126
_gPSBO
801 1 _aRU
_bNLR
_c20040126
942 _cBOOK
980 _aNB
980 _aNBR